000 00483nam a2200193Ia 4500
008 240510s9999 xx 000 0 und d
020 _a0000198596685
041 _aEng
082 _a005.73
082 _bT35
100 _aTHOMAS P. : ROBINSON H.: EMMS J.
245 0 _aABSTRACT DATA TYPES:THEIR SPECIFICATION, REPRESENTATION, AND USE
260 _bCLEARANDON : OXFORD
260 _c1990
300 _a256 p.
650 _aDATA STRUCTURES
942 _2ddc
942 _cLBK
999 _c24864
_d24864
945 _a1
_bMadushi Gamage
_c1
_dMadushi Gamage